000 01535nam a2200253Ia 4500
999 _c36493
_d36493
001 2411
003 GE_BSU
005 20230915123813.0
008 181216s2009||||ge |||||||||||||| ||geo||
020 _a 9789994052660
040 _cGE_BSU
041 _ageo
080 _a17.022.1+116.778.4+324 შ–93
100 _aშუბითიძე, ვაჟა
_96107
245 _aიმიჯოლოგია:
_bროგორ გავიმარჯვოთ არჩევნებში /
_cვაჟა შუბითიძე, ავთანდილ ბუცხრიკიძე ; აკაკი წერეთლის სახელობის უნივერსიტეტი.
264 _aთბილისი ; ქუთაისი :
_b[აკ. წერეთლის უნ-ტის გამ-ბა და სტ.],
_c 2009.
300 _a188 გვ.;
_b 20სმ.
653 _aიმიჯოლოგია.
653 _aსაარჩევნო კამპანია
653 _aპოლიტიკური იმიჯი
700 _aბუცხრიკიძე, ავთანდილ
_eავტორი
_919823
710 _aარნოლდ ჩიქობავას სახელობის სახელობის ენათმეცნიერების ინსტიტუტი,
_b ქუთაისის აკაკი წერეთლის სახელმწოფო უნივერსიტეტი.
_919824
942 _cBK
_2udc